Nasser`s New Egypt: (Record no. 187600)
[ view plain ]
| 000 -LEADER | |
|---|---|
| fixed length control field | 00835 a2200169 4500 |
| 003 - CONTROL NUMBER IDENTIFIER | |
| control field | Nust |
| 005 - DATE AND TIME OF LATEST TRANSACTION | |
| control field | 20230504104339.0 |
| 040 ## - CATALOGING SOURCE | |
| Transcribing agency | Nust |
| 082 ## - DEWEY DECIMAL CLASSIFICATION NUMBER | |
| Classification number | 962,WHE |
| 100 ## - MAIN ENTRY--PERSONAL NAME | |
| Personal name | Wheelock,Keith |
| 9 (RLIN) | 112092 |
| 245 ## - TITLE STATEMENT | |
| Title | Nasser`s New Egypt: |
| Remainder of title | A critical Analysis / |
| Statement of responsibility, etc. | Keith Wheelock |
| 260 ## - PUBLICATION, DISTRIBUTION, ETC. | |
| Place of publication, distribution, etc. | London |
| Name of publisher, distributor, etc. | Atlantic Books |
| 300 ## - PHYSICAL DESCRIPTION | |
| Extent | 326:p |
| 505 ## - FORMATTED CONTENTS NOTE | |
| Formatted contents note | Prelude to Takeover (Page-1), Coup and Consolidation (Page-12), The Entrenchment of the Military Regime (Page-37), Agriculture and Agrarian Reform (Page-74), Education and Social Development (Page-109), Economics and Industriazation (Page-137), The High Dam (Page-173), Prelude to Nasserism (Page-206), The West At Bay (Page-228), The Tactics of Positive Neutrality (Page-249), Nasser’s New Egypt in Perspective (Page-277). |
| 650 ## - SUBJECT ADDED ENTRY--TOPICAL TERM | |
| Topical term or geographic name entry element | New Egypt |
| 9 (RLIN) | 112093 |
| 942 ## - ADDED ENTRY ELEMENTS (KOHA) | |
| Source of classification or shelving scheme | |
| Koha item type | Book |
| Call number prefix | 962,WHE |
| Withdrawn status | Lost status | Source of classification or shelving scheme | Damaged status | Not for loan | Permanent Location | Current Location | Shelving location | Date acquired | Full call number | Barcode | Date last seen | Price effective from | Koha item type | Public note |
|---|---|---|---|---|---|---|---|---|---|---|---|---|---|---|
| Military College of Signals (MCS) | Military College of Signals (MCS) | General Stacks | 12/12/2016 | 962,WHE | MCS29483 | 12/08/2016 | 12/12/2016 | Book | Almirah No. 75, Shelf No. 8 |
